| 000 | 00702nam a22002531 4500 | ||
|---|---|---|---|
| 001 | 46529 | ||
| 003 | BD-RjUL | ||
| 005 | 20211209054151.0 | ||
| 008 | 160803s1955 nyua b 001 0 eng d | ||
| 035 | _a(BD-RjUL)46648 | ||
| 040 |
_aDLC _cOCl _dDLC _dBD-RjUL _beng |
||
| 041 | _aeng | ||
| 082 | 0 | 0 |
_a307.72 _bNER 1955 _223 |
| 100 | 1 |
_aNelson, Lowry, _d1893- _9104528 |
|
| 245 | 1 | 0 |
_aRural sociology / _c Lowry Nelson |
| 250 | _a2nd ed. | ||
| 260 |
_aNew York : _bAmerican Book Co. _cc1955 |
||
| 300 |
_aXVI, 568 p. : _bill. ; _c23 cm. |
||
| 490 | 0 | _aAmerican sociology series | |
| 504 | _aIncludes Index | ||
| 650 | 0 |
_aSociology, Rural. _9104529 |
|
| 942 |
_2ddc _cBK _01 |
||
| 999 |
_c46529 _d46529 |
||